<?xml version="1.0" encoding="UTF-8"?>
<record
    xmlns:xsi="http://www.w3.org/2001/XMLSchema-instance"
    xsi:schemaLocation="http://www.loc.gov/MARC21/slim http://www.loc.gov/standards/marcxml/schema/MARC21slim.xsd"
    xmlns="http://www.loc.gov/MARC21/slim">

  <leader>00926cam a2200241 a 4500</leader>
  <controlfield tag="001">sa 68008185 </controlfield>
  <controlfield tag="003">DLC</controlfield>
  <controlfield tag="005">20260227112530.0</controlfield>
  <controlfield tag="008">980311m19661968ii            000 0 san  </controlfield>
  <datafield tag="010" ind1=" " ind2=" ">
    <subfield code="a">sa 68008185 </subfield>
  </datafield>
  <datafield tag="040" ind1=" " ind2=" ">
    <subfield code="a">DLC</subfield>
    <subfield code="c">DLC</subfield>
    <subfield code="d">DLC</subfield>
  </datafield>
  <datafield tag="050" ind1="0" ind2="0">
    <subfield code="a">BL1316.B444</subfield>
    <subfield code="b">A9435 1966</subfield>
  </datafield>
  <datafield tag="100" ind1="0" ind2=" ">
    <subfield code="a">Jinabhadraga&#x1E47;i.</subfield>
  </datafield>
  <datafield tag="240" ind1="1" ind2="0">
    <subfield code="a">Vi&#x15B;e&#x1E63;&#x101;va&#x15B;yakabh&#x101;&#x15B;ya</subfield>
  </datafield>
  <datafield tag="245" ind1="1" ind2="0">
    <subfield code="a">Srijinabhadraga&#x1E47;ik&#x1E63;am&#x101;srama&#x1E47;aviracita&#x1E43; Vi&#x15B;e&#x1E63;&#x101;va&#x15B;yakabh&#x101;&#x1E63;yam ; svopaj&#xF1;avr&#x325;ttisahitam /</subfield>
    <subfield code="c">samp&#x101;daka Dalasukha M&#x101;lava&#x1E47;iya.</subfield>
  </datafield>
  <datafield tag="260" ind1=" " ind2=" ">
    <subfield code="a">Amad&#x101;v&#x101;da :</subfield>
    <subfield code="b">L&#x101;labh&#x101;i Dalapatabh&#x101;&#x12B; Bh&#x101;rat&#x12B;ya Sa&#x1E43;skr&#x325;ti Vidym&#x304;andira,</subfield>
    <subfield code="c">[1966-1968]</subfield>
  </datafield>
  <datafield tag="300" ind1=" " ind2=" ">
    <subfield code="a">3 v. ;</subfield>
    <subfield code="c">25 cm.</subfield>
  </datafield>
  <datafield tag="440" ind1=" " ind2="0">
    <subfield code="a">L&#x101;labh&#x101;i Dalapatabh&#x101;&#x12B; grantham&#x101;la ;</subfield>
    <subfield code="v">10, 14, 21</subfield>
  </datafield>
  <datafield tag="546" ind1=" " ind2=" ">
    <subfield code="a">In Prakrit; commentary in Sanskrit; pref. in English.</subfield>
  </datafield>
  <datafield tag="600" ind1="0" ind2="0">
    <subfield code="a">Bhadrabanu.</subfield>
    <subfield code="t">Avabsyakaniryukti.</subfield>
  </datafield>
  <datafield tag="650" ind1=" " ind2="0">
    <subfield code="a">Jainism</subfield>
    <subfield code="x">Early works to 1800.</subfield>
  </datafield>
  <datafield tag="700" ind1="1" ind2=" ">
    <subfield code="a">Malvania, Dulsukh Bhai.</subfield>
  </datafield>
  <datafield tag="999" ind1=" " ind2=" ">
    <subfield code="c">82295</subfield>
    <subfield code="d">82295</subfield>
  </datafield>
</record>
